MARC

LEADER 00000nam0a2200000 4500
001 140112
005 20231031141950.0
010 |a 3540264019 
035 |a (RuTPU)RU\TPU\book\151783 
090 |a 140112 
100 |a 20080620d2006 k y0engy50 ba 
101 0 |a eng 
102 |a DE 
105 |a a z 001zy 
200 1 |a Beam Instrumentation and Diagnostics  |f P. Strehl 
210 |a Berlin  |c Springer  |d 2006 
215 |a 428 p.  |c il. 
225 1 |a Patricle Acceleration and Detection 
320 |a References: p. 387-404. 
320 |a Index: p. 405-428. 
610 1 |a ядерная физика 
610 1 |a ионизирующее излучение 
610 1 |a радиометрия 
610 1 |a дозиметры 
610 1 |a аппаратура 
610 1 |a диагностика 
610 1 |a электромагнитные излучения 
610 1 |a воздействия 
610 1 |a английский язык 
675 |a 539.1.074  |v 3 
700 1 |a Strehl  |b P.  |g Peter 
801 1 |a RU  |b 63413507  |c 20080620  |g PSBO 
801 2 |a RU  |b 63413507  |c 20080703  |g PSBO 
942 |c BK